Strategic compensation: a human resource management approach (Record no. 135150)
[ view plain ]
| 000 -LEADER | |
|---|---|
| fixed length control field | 00413nam a2200157Ia 4500 |
| 008 - FIXED-LENGTH DATA ELEMENTS--GENERAL INFORMATION | |
| fixed length control field | 230917s9999||||xx |||||||||||||| ||und|| |
| 040 ## - CATALOGING SOURCE | |
| -- | 134243 |
| Original cataloging agency | VIVEKANANDA LIBRARY |
| 041 ## - Language | |
| -- | English |
| 082 ## - DDC NUMBER | |
| Classification number | 658.3 M367S |
| 100 ## - MAIN ENTRY--PERSONAL NAME | |
| Personal name | Martocchio |
| 245 #0 - TITLE STATEMENT | |
| Title | Strategic compensation: a human resource management approach |
| 250 ## - EDITION STATEMENT | |
| Edition statement | 3rd ed. |
| 260 ## - PUBLICATION, DISTRIBUTION, ETC. (IMPRINT) | |
| Place of publication, distribution, etc | New Delhi |
| Name of publisher, distributor, etc | Pearson Education |
| Date of publication, distribution, etc | 2006 |
| 300 ## - PHYSICAL DESCRIPTION | |
| Pages | 527p p. |
| 942 ## - ADDED ENTRY ELEMENTS (KOHA) | |
| Koha item type | Books |
| Withdrawn status | Lost status | Damaged status | Not for loan | Location (home branch) | Sublocation or collection (holding branch) | Date acquired | Koha issues (times borrowed) | Koha full call number | Accession No. | Koha date last seen | Koha item type | Source of classification or shelving scheme | Shelving location |
|---|---|---|---|---|---|---|---|---|---|---|---|---|---|
| VIVEKANANDA LIBRARY | VIVEKANANDA LIBRARY | 08/09/2014 | 658.3 M367S | 234963 | 17/09/2023 | Books | |||||||
| Withdrawn | Lost and paid for | VIVEKANANDA LIBRARY | VIVEKANANDA LIBRARY | 08/09/2014 | 658.3 M367S | 241801 | 17/09/2023 | Books | Dewey Decimal Classification | IMSAR Library | |||
| VIVEKANANDA LIBRARY | VIVEKANANDA LIBRARY | 08/09/2014 | 658.3 M367S | 241802 | 17/09/2023 | Books | IMSAR Library |
